Score 0/20 Timer 04:00
2 Plays Today
Hint Answer % Correct
Little Red Riding _____Hood
98.1%
Red _____ Chili PeppersHot
95.3%
Crossing the Red _____Sea
92.3%
Boston Red _____Sox
91.7%
Red _____Bull
89.7%
Red Velvet _____Cake
87.6%
The Red _____Planet
86.8%
International Red ____Cross/Crescent
85.3%
Red _____Wine
85.1%
Red _____Lobster
76.7%
Hint Answer % Correct
Red _____ CellBlood
75%
Detroit Red _____Wings
69.4%
American or Red _____ RobinBreasted
57.4%
Little Red _____Corvette
54.7%
Red _____ BoxTelephone
48.6%
Texas Tech Red ____Raiders
30.2%
Last of the Red Hot _____Lovers
29.6%
Red _____ AmphitheatreRocks
28.8%
St John's Red _____Storm
19.1%
Red _____ BelgradeStar
16.5%

Today's Daily Dose

Remove Ads.
Support Sporcle.
Get the best of Sporcle when you Go Orange. This ad-free experience offers more features, more stats, and more fun while also helping to support Sporcle. Thank you for becoming a member.

You're not logged in!

Compare scores with friends on all Sporcle quizzes.
OR
Log In

Show Comments

Extras

Top Quizzes Today


Score Distribution

Your Account Isn't Verified!

In order to create a playlist on Sporcle, you need to verify the email address you used during registration. Go to your Sporcle Settings to finish the process.

Report this User

Report this user for behavior that violates our Community Guidelines.

Details: